000 00281nam a22001337a 4500
008 170214b xxu||||| |||| 00| 0 eng d
020 _a9780763729639
041 _aeng
080 _26ED
_a61
100 _a4
101 _aSHM
245 _aHUMAN DISEASE
_cCROWLEY
942 _2udc
_cBK
999 _c5451
_d5451